[Event "Play for Durgesh Fundraiser Blitz"]
[Site "Vishy Anand Arena"]
[Date "2020.09.19"]
[Round "1"]
[White "Sadhika"]
[Black "Doremon2011"]
[Result "1/2-1/2"]
[WhiteElo "1611"]
[BlackElo "1620"]
[Annotator "NA"]
[PlyCount "133"]
[EventDate "2020.09.19"]
[EventType "swiss (blitz)"]

1. e4 e5 2. Nf3 Nc6 3. d4 exd4 4. Nxd4 Nf6 5. Nc3 Bc5 6. Be3 Bb6 7. Bc4 O-O 8. O-O Nxd4 9. Bxd4 c6 10. Kh1 d5 11. exd5 cxd5 12. Bb3 Bg4 13. f3 Bf5 14. Bxf6 Qxf6 15. Nxd5 Qxb2 16. Ne7+ Kh8 17. Nxf5 Qf6 18. Ng3 Bc7 19. Ne4 Qh6 20. h3 Qf4 21. g3 Qf5 22. g4 Qf4 23. Qd2 Qxd2 24. Nxd2 Be5 25. Rad1 Bc3 26. Ne4 Bf6 27. Nxf6 gxf6 28. Rd7 Rab8 29. Rfd1 Kg7 30. Kg2 Kg6 31. Kg3 a6 32. h4 b5 33. f4 h6 34. h5+ Kg7 35. R1d6 a5 36. Bd5 Rbc8 37. Be4 Rc4 38. Bd3 Ra4 39. Bxb5 Rxa2 40. Rc7 a4 41. Ra6 a3 42. Rc3 Rb8 43. Bc4 Ra1 44. Raxa3 Rxa3 45. Rxa3 Rc8 46. Bb3 Rc3+ 47. Kh4 Kf8 48. Ra8+ Ke7 49. Ra7+ Kd6 50. Rxf7 Kc5 51. Rxf6 Kb4 52. Rxh6 Ka3 53. g5 Kb2 54. Ra6 Rc8 55. h6 Kc1 56. g6 Kd2 57. Kg5 Ke3 58. f5 Ke4 59. h7 Ke5 60. g7 Ke4 61. h8=Q Rxh8 62. gxh8=Q Ke3 63. Qe8+ Kd4 64. Rd6+ Kc3 65. Qe5+ Kb4 66. Rd3 Ka3 67. Qd4 1/2-1/2

[Event "Play for Durgesh Fundraiser Blitz"]
[Site "Vishy Anand Arena"]
[Date "2020.09.19"]
[Round "1"]
[White "advay_aggarwal"]
[Black "COLGATE"]
[Result "0-1"]
[WhiteElo "1601"]
[BlackElo "1721"]
[Annotator "NA"]
[PlyCount "66"]
[EventDate "2020.09.19"]
[EventType "swiss (blitz)"]

1. e4 c5 2. Nf3 d6 3. d4 cxd4 4. Nxd4 Nf6 5. Nc3 a6 6. h4 e5 7. Nb3 Be7 8. Bc4 Nc6 9. O-O b5 10. Be2 O-O 11. a4 b4 12. Nd5 Be6 13. Nxf6+ Bxf6 14. Bg5 Bxg5 15. hxg5 Bxb3 16. cxb3 Nd4 17. Qd2 a5 18. Rac1 Qb6 19. Bc4 Rac8 20. Bd5 Kh8 21. Rxc8 Rxc8 22. Bxf7 Rc2 23. Qe3 Ne2+ 24. Kh1 Qxe3 25. fxe3 Ng3+ 26. Kg1 Nxf1 27. Kxf1 Rxb2 28. Ke1 g6 29. Kd1 Kg7 30. Be6 Rxg2 31. Ke1 Rc2 32. Kd1 Ra2 33. Kc1 h6 0-1

[Event "Play for Durgesh Fundraiser Blitz"]
[Site "Vishy Anand Arena"]
[Date "2020.09.19"]
[Round "1"]
[White "Nisanth2107"]
[Black "RACEKING"]
[Result "0-1"]
[WhiteElo "1590"]
[BlackElo "2417"]
[Annotator "NA"]
[PlyCount "42"]
[EventDate "2020.09.19"]
[EventType "swiss (blitz)"]

1. e4 c6 2. d4 d5 3. Nc3 dxe4 4. Nxe4 Nf6 5. Bd3 Qxd4 6. Qf3 Nbd7 7. Be3 Qb4+ 8. Bd2 Qb6 9. Bc3 Nxe4 10. Bxe4 Nf6 11. Bf5 Bxf5 12. Qxf5 e6 13. Qf4 Nd5 14. Qf3 Nxc3 15. Qxc3 Bb4 16. a3 Bxc3+ 17. bxc3 Qb2 18. Rd1 Qxc3+ 19. Ke2 Qxc2+ 20. Rd2 Qc4+ 21. Rd3 Rd8 0-1

[Event "Play for Durgesh Fundraiser Blitz"]
[Site "Vishy Anand Arena"]
[Date "2020.09.19"]
[Round "1"]
[White "Harshinianand"]
[Black "Jiakher"]
[Result "1-0"]
[WhiteElo "1580"]
[BlackElo "1620"]
[Annotator "NA"]
[PlyCount "21"]
[EventDate "2020.09.19"]
[EventType "swiss (blitz)"]

1. e4 e5 2. Nf3 Nf6 3. d4 Nxe4 4. Bd3 Bb4+ 5. c3 Be7 6. Bxe4 f5 7. Bxf5 d5 8. Bxc8 Qxc8 9. Nxe5 Bh4 10. Qh5+ Kf8 11. Qf7# 1-0

[Event "Play for Durgesh Fundraiser Blitz"]
[Site "Vishy Anand Arena"]
[Date "2020.09.19"]
[Round "1"]
[White "Amalraj001"]
[Black "Leolek"]
[Result "0-1"]
[WhiteElo "1571"]
[BlackElo "2198"]
[Annotator "NA"]
[PlyCount "108"]
[EventDate "2020.09.19"]
[EventType "swiss (blitz)"]

1. e4 e6 2. Nf3 d5 3. exd5 exd5 4. d3 Nc6 5. Nc3 Nf6 6. Bf4 Bb4 7. Be2 d4 8. Qd2 dxc3 9. bxc3 Ba5 10. O-O O-O 11. Bg5 h6 12. Bh4 Qd6 13. h3 Nd5 14. Rab1 Bxc3 15. Qd1 Bf5 16. Bg3 Qd7 17. Nh4 b6 18. Bf3 Be6 19. Be4 Bf6 20. Nf3 Nc3 21. Qd2 Nxb1 22. Rxb1 Bd5 23. Bxd5 Qxd5 24. c4 Qd7 25. Rd1 Rad8 26. Qc2 Nd4 27. Nxd4 Bxd4 28. Kf1 c5 29. a4 Rfe8 30. Rd2 Re6 31. Re2 Rde8 32. Rxe6 Qxe6 33. f3 f5 34. Bf2 Be3 35. Qe2 Bxf2 36. Qxe6+ Rxe6 37. Kxf2 f4 38. g3 g5 39. gxf4 gxf4 40. Kf1 Re3 41. Kf2 Rxd3 42. h4 Rd4 43. Ke2 Rxc4 44. Kd3 Rxa4 45. Kc3 Rd4 46. Kb3 Kf7 47. Kc3 Ke6 48. h5 Kd5 49. Kc2 Kc4 50. Kb2 Rd2+ 51. Kc1 Kc3 52. Kb1 Kb3 53. Kc1 Rd4 54. Kb1 Rd1# 0-1

[Event "Play for Durgesh Fundraiser Blitz"]
[Site "Vishy Anand Arena"]
[Date "2020.09.19"]
[Round "1"]
[White "Sragvidhanvi"]
[Black "tacticabd"]
[Result "0-1"]
[WhiteElo "1568"]
[BlackElo "1697"]
[Annotator "NA"]
[PlyCount "58"]
[EventDate "2020.09.19"]
[EventType "swiss (blitz)"]

1. d4 e6 2. Bf4 c5 3. e3 Nc6 4. c3 Nf6 5. Nf3 Be7 6. Bd3 O-O 7. Nbd2 b6 8. Qe2 Bb7 9. e4 cxd4 10. cxd4 Nb4 11. a3 Nxd3+ 12. Qxd3 d6 13. O-O h6 14. Rad1 a5 15. Nc4 Ba6 16. Nfd2 d5 17. exd5 exd5 18. Qe3 dxc4 19. Rfe1 Nd5 20. Qe5 Bf6 21. Qf5 Bc8 22. Qc2 Nxf4 23. Nxc4 Bb7 24. Nxb6 Qxb6 25. Re4 Rac8 26. Qd3 Nxd3 27. Rxd3 Rc1+ 28. Rd1 Rxd1+ 29. Re1 Rxe1# 0-1

[Event "Play for Durgesh Fundraiser Blitz"]
[Site "Vishy Anand Arena"]
[Date "2020.09.19"]
[Round "1"]
[White "abhi_golu"]
[Black "SaurabhGurbhele"]
[Result "1-0"]
[WhiteElo "1556"]
[BlackElo "1620"]
[Annotator "NA"]
[PlyCount "29"]
[EventDate "2020.09.19"]
[EventType "swiss (blitz)"]

1. e4 e5 2. Nf3 Nc6 3. Bc4 Nf6 4. d3 Bc5 5. O-O d6 6. h3 Be6 7. Bb3 O-O 8. Bg5 h6 9. Bh4 Qd7 10. Bxf6 gxf6 11. Nh4 Nd4 12. Nd2 Nxb3 13. axb3 Bxh3 14. gxh3 Qxh3 15. Ng2 1-0

[Event "Play for Durgesh Fundraiser Blitz"]
[Site "Vishy Anand Arena"]
[Date "2020.09.19"]
[Round "1"]
[White "Srivishva"]
[Black "CHARVITHA"]
[Result "1-0"]
[WhiteElo "1541"]
[BlackElo "1620"]
[Annotator "NA"]
[PlyCount "111"]
[EventDate "2020.09.19"]
[EventType "swiss (blitz)"]

1. e4 e5 2. d3 Nf6 3. f4 d6 4. f5 Be7 5. Nf3 Nc6 6. h3 Bd7 7. g4 Bc8 8. Bg2 Nd4 9. O-O c6 10. Be3 Qb6 11. c3 Bd7 12. cxd4 exd4 13. Bxd4 Qc7 14. Bxf6 Bxf6 15. Nc3 O-O-O 16. Qe2 Rde8 17. Qf2 d5 18. Qxa7 Qb8 19. Qxb8+ Kxb8 20. exd5 cxd5 21. Nxd5 Bc6 22. Nxf6 gxf6 23. Rfe1 Rd8 24. Re3 Bb5 25. Rd1 Bc6 26. Kf2 Bd5 27. Ne1 Bxa2 28. Nc2 Bb3 29. Rd2 Ba4 30. Nb4 Bb5 31. Nd5 Bc6 32. Nxf6 Rd6 33. Bxc6 bxc6 34. Ne4 Rd7 35. Nc5 Rd6 36. Re7 Rf6 37. Nd7+ Kc7 38. Nxf6+ Kd8 39. Re8+ Rxe8 40. Nxe8 Kxe8 41. Rc2 Kd7 42. Ke3 Kd6 43. Ke4 Ke7 44. Rxc6 Kd7 45. Rh6 f6 46. Rxh7+ Kd6 47. Rf7 Kc5 48. Rxf6 Kb4 49. h4 Kb3 50. h5 Kxb2 51. h6 Kc2 52. h7 Kd2 53. h8=Q Ke2 54. Qh2+ Ke1 55. Ra6 Kd1 56. Ra1# 1-0

[Event "Play for Durgesh Fundraiser Blitz"]
[Site "Vishy Anand Arena"]
[Date "2020.09.19"]
[Round "1"]
[White "Tarun Mateti"]
[Black "A1263a"]
[Result "1-0"]
[WhiteElo "1536"]
[BlackElo "1718"]
[Annotator "NA"]
[PlyCount "93"]
[EventDate "2020.09.19"]
[EventType "swiss (blitz)"]

1. d4 Nf6 2. c4 e6 3. Nf3 d5 4. g3 c5 5. Bg2 dxc4 6. O-O Nc6 7. dxc5 Bxc5 8. Qa4 O-O 9. Rd1 Qb6 10. e3 e5 11. Qxc4 Be6 12. Qa4 Nb4 13. Nc3 Rfd8 14. Nxe5 Rxd1+ 15. Qxd1 Rd8 16. Qe2 Bf5 17. Na4 Qc7 18. Nxc5 Qxc5 19. Nf3 Bd3 20. Qd1 Nc2 21. b4 Qxb4 22. Bd2 Qe7 23. Rc1 Na3 24. Nd4 Nc4 25. Bc3 Bg6 26. Qb3 Nb6 27. a4 Nfd5 28. a5 Nxc3 29. Rxc3 Nd5 30. Bxd5 b6 31. axb6 axb6 32. Bg2 Ra8 33. Rc1 Rd8 34. Nc6 Qf6 35. Nxd8 Qxd8 36. Qc3 h6 37. Qc8 Qxc8 38. Rxc8+ Kh7 39. Rb8 b5 40. Rxb5 f6 41. Rb4 Bf7 42. Be4+ g6 43. Rb7 Kg7 44. Bd5 h5 45. Rxf7+ Kh6 46. Rxf6 Kg5 47. Rxg6+ 1-0

[Event "Play for Durgesh Fundraiser Blitz"]
[Site "Vishy Anand Arena"]
[Date "2020.09.19"]
[Round "1"]
[White "TOY 2"]
[Black "AAKASH M H"]
[Result "1-0"]
[WhiteElo "1532"]
[BlackElo "1620"]
[Annotator "NA"]
[PlyCount "29"]
[EventDate "2020.09.19"]
[EventType "swiss (blitz)"]

1. d4 d5 2. Bf4 Nc6 3. e3 Bf5 4. Bd3 Bxd3 5. Qxd3 e6 6. Nd2 Nf6 7. Ngf3 Bd6 8. Bg3 Bxg3 9. hxg3 g6 10. c3 Qd7 11. Nb3 O-O-O 12. Nc5 Qd6 13. Qb5 b6 14. Qa6+ Kb8 15. Qb7# 1-0

[Event "Play for Durgesh Fundraiser Blitz"]
[Site "Vishy Anand Arena"]
[Date "2020.09.19"]
[Round "1"]
[White "Namansati"]
[Black "Kiruthi"]
[Result "1-0"]
[WhiteElo "1513"]
[BlackElo "1408"]
[Annotator "NA"]
[PlyCount "91"]
[EventDate "2020.09.19"]
[EventType "swiss (blitz)"]

1. e4 c5 2. Nf3 d6 3. d4 cxd4 4. Nxd4 Nf6 5. Nc3 Nc6 6. Be3 e6 7. f3 Be7 8. Bb5 Bd7 9. Nxc6 bxc6 10. Ba4 O-O 11. O-O e5 12. Qd2 a5 13. a3 Rb8 14. Bb3 Be6 15. Bxe6 fxe6 16. b3 d5 17. exd5 exd5 18. Ne2 Bd6 19. Bg5 Qe7 20. f4 e4 21. Ng3 Bxa3 22. Nf5 Qe6 23. Nxg7 Kxg7 24. f5 Qe5 25. Bh6+ Kg8 26. Rxa3 Rf7 27. Bg5 Ne8 28. f6 Nxf6 29. Bxf6 Rxf6 30. Rxf6 Qxf6 31. Qe3 Rf8 32. Qg3+ Kh8 33. h3 c5 34. Kh2 d4 35. Rxa5 e3 36. Rxc5 e2 37. Re5 Qf1 38. Qg5 Qf4+ 39. Qxf4 Rxf4 40. Rxe2 h5 41. Rd2 Re4 42. Rd3 Kh7 43. Rf3 Kh6 44. Rf5 Kg6 45. Ra5 Re2 46. Ra6+ 1-0

[Event "Play for Durgesh Fundraiser Blitz"]
[Site "Vishy Anand Arena"]
[Date "2020.09.19"]
[Round "1"]
[White "The ChessForce"]
[Black "Shriya R"]
[Result "1-0"]
[WhiteElo "1498"]
[BlackElo "1863"]
[Annotator "NA"]
[PlyCount "55"]
[EventDate "2020.09.19"]
[EventType "swiss (blitz)"]

1. e4 c5 2. Nf3 Nc6 3. d4 cxd4 4. Nxd4 e6 5. Nc3 Qc7 6. Be3 a6 7. Be2 Nf6 8. f3 Be7 9. Qd2 O-O 10. h4 d6 11. g4 Nxd4 12. Bxd4 b5 13. h5 Bb7 14. g5 Nd7 15. g6 h6 16. gxf7+ Rxf7 17. O-O-O Ne5 18. Rhg1 Raf8 19. Qxh6 b4 20. Bxe5 dxe5 21. Qxe6 bxc3 22. h6 cxb2+ 23. Kb1 Bf6 24. hxg7 Bxg7 25. Rxg7+ Kxg7 26. Rg1+ Kh8 27. Qh6+ Rh7 28. Qxf8# 1-0

[Event "Play for Durgesh Fundraiser Blitz"]
[Site "Vishy Anand Arena"]
[Date "2020.09.19"]
[Round "1"]
[White "Parthivkava"]
[Black "Deborajbiswas"]
[Result "1-0"]
[WhiteElo "1495"]
[BlackElo "1492"]
[Annotator "NA"]
[PlyCount "89"]
[EventDate "2020.09.19"]
[EventType "swiss (blitz)"]

1. d4 Nf6 2. Bf4 g6 3. e3 Bg7 4. Nf3 O-O 5. Bd3 d6 6. h4 Nc6 7. c3 Nd7 8. h5 e5 9. Bg3 Re8 10. hxg6 fxg6 11. Nbd2 Nf6 12. Bh4 Qd7 13. Ng5 h6 14. Bxg6 Re7 15. Bf7+ Rxf7 16. Nxf7 Qxf7 17. Bxf6 Qxf6 18. Qe2 Bf5 19. O-O-O Re8 20. g4 Bg6 21. d5 Ne7 22. e4 Qg5 23. Kc2 Nxd5 24. Qc4 Bf7 25. exd5 c6 26. Qe2 Bxd5 27. Rhg1 e4 28. Nf1 b5 29. Ne3 Qf6 30. Nf5 Bxa2 31. Nxd6 Rd8 32. Nf5 b4 33. Rxd8+ Kh7 34. Rc1 bxc3 35. bxc3 Qxc3+ 36. Kd1 Bb3+ 37. Rc2 Bxc2+ 38. Qxc2 Qf3+ 39. Qe2 Qc3 40. Rd2 Qa1+ 41. Kc2 Qa2+ 42. Kc1 Qa3+ 43. Rb2 Qa1+ 44. Rb1 Qa4 45. Qc2 1-0

[Event "Play for Durgesh Fundraiser Blitz"]
[Site "Vishy Anand Arena"]
[Date "2020.09.19"]
[Round "1"]
[White "Tanishagr"]
[Black "IndianKing97"]
[Result "0-1"]
[WhiteElo "1486"]
[BlackElo "2385"]
[Annotator "NA"]
[PlyCount "110"]
[EventDate "2020.09.19"]
[EventType "swiss (blitz)"]

1. e4 c5 2. Nf3 e6 3. Nc3 a6 4. Bc4 Nc6 5. O-O Qc7 6. d3 Nf6 7. g3 b5 8. Bb3 Be7 9. Bf4 d6 10. Qd2 h6 11. Be3 Bb7 12. Rad1 O-O 13. Ne2 a5 14. a4 bxa4 15. Bxa4 d5 16. exd5 Nxd5 17. Bf4 Nxf4 18. Nxf4 Nd4 19. Nxd4 cxd4 20. h3 Bf3 21. Rb1 Bb4 22. Qc1 e5 23. Nd5 Bxd5 24. c3 dxc3 25. bxc3 Qxc3 26. Qxc3 Bxc3 27. Rbc1 Bd4 28. Rfe1 Rfb8 29. Bc6 Bxc6 30. Rxc6 Rb2 31. Rf1 a4 32. Rc4 a3 33. Rcc1 a2 34. g4 Rxf2 35. Rxf2 a1=Q 36. Rxa1 Rxa1+ 37. Kg2 Bxf2 38. Kxf2 Rd1 39. Ke3 Rh1 40. Ke4 Rxh3 41. Kxe5 Rxd3 42. Ke4 Rh3 43. Kf4 g5+ 44. Kf5 Rg3 45. Kf6 Rxg4 46. Ke7 Ra4 47. Ke8 g4 48. Ke7 g3 49. Kf6 g2 50. Kf5 g1=Q 51. Ke5 Qg5+ 52. Kd6 Ra6+ 53. Kd7 Qb5+ 54. Kd8 Qb7 55. Ke8 Ra8# 0-1

[Event "Play for Durgesh Fundraiser Blitz"]
[Site "Vishy Anand Arena"]
[Date "2020.09.19"]
[Round "1"]
[White "Mraa"]
[Black "Sarvad64squares"]
[Result "0-1"]
[WhiteElo "1483"]
[BlackElo "1514"]
[Annotator "NA"]
[PlyCount "76"]
[EventDate "2020.09.19"]
[EventType "swiss (blitz)"]

1. e4 e5 2. Nf3 Nc6 3. d4 exd4 4. Nxd4 Nf6 5. Nc3 d6 6. Nxc6 bxc6 7. Bd3 Be7 8. O-O O-O 9. f4 Re8 10. Kh1 Bg4 11. Qe1 Bd7 12. f5 c5 13. Qg3 Nh5 14. Qf2 Nf6 15. Bg5 Ng4 16. Qg3 Bxg5 17. Qxg4 Bf6 18. Nd5 c6 19. Nxf6+ Qxf6 20. b3 d5 21. exd5 cxd5 22. Rf3 Qxa1+ 23. Rf1 Qf6 24. h4 Re5 25. h5 Rae8 26. Qg3 Re3 27. Qf2 Bc6 28. Kg1 d4 29. Bc4 R3e5 30. Bd3 h6 31. Qg3 Re3 32. Qf4 Re1 33. Rxe1 Rxe1+ 34. Kf2 Re8 35. Qc7 Ba8 36. Qxa7 Qe5 37. Qxc5 Qe3+ 38. Kf1 Qe1# 0-1

[Event "Play for Durgesh Fundraiser Blitz"]
[Site "Vishy Anand Arena"]
[Date "2020.09.19"]
[Round "1"]
[White "Invokeanand"]
[Black "Mithil"]
[Result "0-1"]
[WhiteElo "1482"]
[BlackElo "2094"]
[Annotator "NA"]
[PlyCount "62"]
[EventDate "2020.09.19"]
[EventType "swiss (blitz)"]

1. e4 c6 2. Nc3 d5 3. d3 g6 4. Bg5 Bg7 5. Nf3 Bg4 6. d4 dxe4 7. Nxe4 Bxf3 8. Qxf3 Qxd4 9. Bd3 Nd7 10. O-O Ne5 11. Qg3 Nxd3 12. cxd3 Nf6 13. Be3 Nxe4 14. dxe4 Qxe4 15. Rae1 O-O 16. Bh6 Qb4 17. Bxg7 Kxg7 18. h3 e6 19. Qe3 Rfd8 20. Qe5+ Kg8 21. Re4 Qd6 22. Qc3 Rd7 23. Rd4 Qxd4 24. Qxd4 Rxd4 25. b3 Rd2 26. a3 Rad8 27. b4 Ra2 28. a4 Rxa4 29. Re1 Rxb4 30. Kh2 a5 31. f3 Rd2 0-1

[Event "Play for Durgesh Fundraiser Blitz"]
[Site "Vishy Anand Arena"]
[Date "2020.09.19"]
[Round "1"]
[White "Sonia19861"]
[Black "Suryamnaik"]
[Result "0-1"]
[WhiteElo "1480"]
[BlackElo "1661"]
[Annotator "NA"]
[PlyCount "72"]
[EventDate "2020.09.19"]
[EventType "swiss (blitz)"]

1. d4 Nf6 2. c4 g6 3. Nc3 Bg7 4. Bg5 O-O 5. e3 d5 6. Bd3 dxc4 7. Bxc4 c5 8. Nf3 Nc6 9. d5 Na5 10. Bb3 Nxb3 11. axb3 Bf5 12. O-O h6 13. Bh4 g5 14. Bg3 Ne4 15. Nxe4 Bxe4 16. Rb1 Bxb1 17. Qxb1 Qxd5 18. Qc2 Rfd8 19. h3 Qd3 20. Qxd3 Rxd3 21. Be5 Bxe5 22. Nxe5 Rxb3 23. Nd7 Rxb2 24. Nxc5 Rc8 25. Nd7 b5 26. Ra1 b4 27. Rxa7 b3 28. Rb7 Rb1+ 29. Kh2 b2 30. Ne5 Rc2 31. Nd3 Rd2 32. Nxb2 Rbxb2 33. Rxe7 Rxf2 34. Re8+ Kg7 35. Re4 Rxg2+ 36. Kh1 Rgc2 0-1

[Event "Play for Durgesh Fundraiser Blitz"]
[Site "Vishy Anand Arena"]
[Date "2020.09.19"]
[Round "1"]
[White "pranay20"]
[Black "Twobrothers"]
[Result "0-1"]
[WhiteElo "1474"]
[BlackElo "1837"]
[Annotator "NA"]
[PlyCount "64"]
[EventDate "2020.09.19"]
[EventType "swiss (blitz)"]

1. e4 e5 2. Nf3 Nc6 3. Bb5 a6 4. Ba4 Nf6 5. O-O Be7 6. Re1 b5 7. Bb3 d6 8. c3 O-O 9. h3 Na5 10. Bc2 c5 11. d4 Qc7 12. dxc5 dxc5 13. Nbd2 Nc6 14. Nf1 Be6 15. Ne3 Rfd8 16. Qe2 c4 17. Nd5 Nxd5 18. exd5 Bxd5 19. Nxe5 Bf6 20. Ng4 Be7 21. Nh6+ gxh6 22. Qg4+ Bg5 23. Bxg5 Be6 24. Qh5 hxg5 25. Qxg5+ Kf8 26. Qh6+ Ke8 27. Rxe6+ fxe6 28. Qxe6+ Ne7 29. Bxh7 Rd6 30. Bg6+ Kd8 31. Qf7 Nxg6 32. Qf8+ Nxf8 0-1

[Event "Play for Durgesh Fundraiser Blitz"]
[Site "Vishy Anand Arena"]
[Date "2020.09.19"]
[Round "1"]
[White "Abracadabra"]
[Black "Mithilesh2009"]
[Result "1-0"]
[WhiteElo "1469"]
[BlackElo "1620"]
[Annotator "NA"]
[PlyCount "41"]
[EventDate "2020.09.19"]
[EventType "swiss (blitz)"]

1. e4 e5 2. Nf3 Nf6 3. Nxe5 Qe7 4. Nf3 Nxe4 5. Be2 Qc5 6. d4 Qa5+ 7. c3 c5 8. O-O Be7 9. Nbd2 Nxd2 10. Bxd2 cxd4 11. cxd4 Qh5 12. Ne5 Qf5 13. Bd3 Qe6 14. Qc2 g6 15. Qxc8+ Bd8 16. Rfe1 O-O 17. Nxg6 Qc6 18. Qxc6 Nxc6 19. Nxf8 Kxf8 20. Bh6+ Kg8 21. Re8# 1-0

[Event "Play for Durgesh Fundraiser Blitz"]
[Site "Vishy Anand Arena"]
[Date "2020.09.19"]
[Round "1"]
[White "kaukik"]
[Black "Aryam_2006"]
[Result "1-0"]
[WhiteElo "1465"]
[BlackElo "1620"]
[Annotator "NA"]
[PlyCount "57"]
[EventDate "2020.09.19"]
[EventType "swiss (blitz)"]

1. d4 Nf6 2. c4 g6 3. Nf3 Bg7 4. g3 d6 5. Bg2 O-O 6. O-O Nc6 7. d5 Nb8 8. Nc3 e5 9. e4 a5 10. Ne1 Na6 11. Nd3 Nd7 12. Be3 f5 13. f4 fxe4 14. Nxe4 Nb4 15. Ng5 Nxd3 16. Qxd3 Nb8 17. Rae1 Bf5 18. Be4 Bd7 19. f5 h6 20. Ne6 Bxe6 21. fxe6 g5 22. Rxf8+ Qxf8 23. Rf1 Kh8 24. Rxf8+ Bxf8 25. h4 Na6 26. hxg5 Nc5 27. Bxc5 dxc5 28. gxh6 Bxh6 29. Qf3 1-0

[Event "Play for Durgesh Fundraiser Blitz"]
[Site "Vishy Anand Arena"]
[Date "2020.09.19"]
[Round "1"]
[White "Deer25"]
[Black "Cubing siddanth"]
[Result "1-0"]
[WhiteElo "1456"]
[BlackElo "1620"]
[Annotator "NA"]
[PlyCount "51"]
[EventDate "2020.09.19"]
[EventType "swiss (blitz)"]

1. e4 c5 2. Nf3 d6 3. Bb5+ Nc6 4. Bxc6+ bxc6 5. O-O Bb7 6. c3 Nf6 7. Re1 Qc7 8. d4 cxd4 9. cxd4 d5 10. e5 Ng4 11. h3 h5 12. Nc3 f6 13. exf6 gxf6 14. Qe2 c5 15. dxc5 d4 16. Ne4 f5 17. Neg5 Bxf3 18. Nxf3 Rd8 19. hxg4 hxg4 20. Qe5 Qa5 21. Qxh8 gxf3 22. Qh5+ Kd7 23. Qxf5+ Kc7 24. Qe5+ Kc8 25. Bf4 Rd7 26. Qb8# 1-0

[Event "Play for Durgesh Fundraiser Blitz"]
[Site "Vishy Anand Arena"]
[Date "2020.09.19"]
[Round "1"]
[White "Sparsh gupta"]
[Black "Sb2008"]
[Result "1-0"]
[WhiteElo "1453"]
[BlackElo "1620"]
[Annotator "NA"]
[PlyCount "71"]
[EventDate "2020.09.19"]
[EventType "swiss (blitz)"]

1. e4 e5 2. Nf3 Nf6 3. Nxe5 Nc6 4. Nxc6 dxc6 5. Nc3 Bc5 6. h3 O-O 7. d3 Be6 8. Be2 Qd4 9. O-O Qd7 10. Bg5 Be7 11. d4 h6 12. Bh4 Bxh3 13. gxh3 Qxh3 14. Bxf6 Bxf6 15. Bg4 Qh4 16. Qf3 g6 17. Qh3 h5 18. Qxh4 Bxh4 19. Bf3 Rad8 20. Rad1 c5 21. dxc5 Rxd1 22. Rxd1 b6 23. cxb6 axb6 24. Rd7 Rc8 25. e5 Kf8 26. Bd5 c6 27. Bc4 f6 28. exf6 Bxf6 29. Rf7+ Kg8 30. Rc7+ Kf8 31. Rxc8+ Kg7 32. Rg8+ Kh6 33. Bd3 g5 34. Rg6+ Kh7 35. Rxf6+ Kg7 36. Rxc6 1-0

[Event "Play for Durgesh Fundraiser Blitz"]
[Site "Vishy Anand Arena"]
[Date "2020.09.19"]
[Round "1"]
[White "Iameture123"]
[Black "Gonda"]
[Result "0-1"]
[WhiteElo "1438"]
[BlackElo "1552"]
[Annotator "NA"]
[PlyCount "90"]
[EventDate "2020.09.19"]
[EventType "swiss (blitz)"]

1. e4 c5 2. d4 cxd4 3. Nf3 Nc6 4. Nxd4 Nxd4 5. Qxd4 d6 6. Nc3 a6 7. Bc4 e5 8. Qd5 Be6 9. Qd3 Bxc4 10. Qxc4 Nf6 11. Bg5 Be7 12. O-O-O O-O 13. Nd5 Nxd5 14. Qxd5 Bxg5+ 15. Kb1 Be7 16. h4 b5 17. g4 Bxh4 18. Qxd6 Qxd6 19. Rxd6 Bg5 20. Rf1 Bf4 21. Rd5 a5 22. c3 b4 23. Kc2 bxc3 24. bxc3 Rfb8 25. Rb1 Rxb1 26. Kxb1 f6 27. Kc2 a4 28. f3 a3 29. Kb3 Kf7 30. c4 Kg6 31. c5 Kf7 32. c6 Ke7 33. c7 Rc8 34. Kxa3 Rxc7 35. Kb3 Ra7 36. a4 Be3 37. a5 Ke6 38. Ka4 g6 39. Rb5 f5 40. Rb3 Bg1 41. Rc3 Bd4 42. Rc6+ Kd7 43. Rb6 Bxb6 44. Kb5 Bd4 45. Kc4 fxe4 0-1

[Event "Play for Durgesh Fundraiser Blitz"]
[Site "Vishy Anand Arena"]
[Date "2020.09.19"]
[Round "1"]
[White "Thewinner64"]
[Black "Hmota"]
[Result "0-1"]
[WhiteElo "1436"]
[BlackElo "1267"]
[Annotator "NA"]
[PlyCount "96"]
[EventDate "2020.09.19"]
[EventType "swiss (blitz)"]

1. e4 e5 2. Nf3 Nc6 3. d4 d6 4. dxe5 dxe5 5. Qxd8+ Kxd8 6. Be3 Nf6 7. Nc3 Bb4 8. O-O-O+ Ke7 9. Bg5 Bxc3 10. bxc3 h6 11. Bxf6+ gxf6 12. h3 Be6 13. Bb5 a6 14. Bxc6 bxc6 15. a4 Rab8 16. Kd2 Rhd8+ 17. Ke3 Rxd1 18. Rxd1 Rb2 19. Ne1 Ra2 20. Kd3 Rxa4 21. Nf3 c5 22. Nh4 a5 23. Nf5+ Bxf5 24. exf5 c4+ 25. Ke4 Ra2 26. Rd2 a4 27. Kd5 a3 28. Kxc4 Rb2 29. Rd5 a2 30. Ra5 Rxc2 31. Kb3 Rxf2 32. Rxa2 Rxa2 33. Kxa2 Kd6 34. Kb3 Kd5 35. c4+ Kd4 36. Kb4 c6 37. c5 e4 38. Ka5 e3 39. Kb6 e2 40. Kxc6 e1=Q 41. Kc7 Qa5+ 42. Kc6 Qxc5+ 43. Kd7 Kd5 44. Ke8 Kd6 45. Kxf7 Qxf5 46. g4 Qe6+ 47. Kg6 f5+ 48. Kh5 Qe8+ 0-1

[Event "Play for Durgesh Fundraiser Blitz"]
[Site "Vishy Anand Arena"]
[Date "2020.09.19"]
[Round "1"]
[White "Saathwikthegreat"]
[Black "Adithya s"]
[Result "1-0"]
[WhiteElo "1418"]
[BlackElo "1447"]
[Annotator "NA"]
[PlyCount "61"]
[EventDate "2020.09.19"]
[EventType "swiss (blitz)"]

1. e4 e5 2. Nf3 Nc6 3. Nc3 Nf6 4. d4 d6 5. dxe5 dxe5 6. Qxd8+ Nxd8 7. Be3 Nc6 8. h3 Bd6 9. Be2 O-O 10. O-O-O h6 11. Rhe1 a5 12. a3 Be6 13. Nb5 Nxe4 14. Nxd6 Nxd6 15. Bc5 Rad8 16. Bxd6 cxd6 17. Bb5 d5 18. Rd2 e4 19. Nd4 Nxd4 20. Rxd4 Rd6 21. a4 Rc8 22. Re3 Rc7 23. f3 f5 24. fxe4 fxe4 25. Rexe4 dxe4 26. Rxd6 Rf7 27. Rxe6 Rf2 28. Rxe4 Rxg2 29. Bc4+ Kh7 30. Bd3 Kh8 31. Re8# 1-0

[Event "Play for Durgesh Fundraiser Blitz"]
[Site "Vishy Anand Arena"]
[Date "2020.09.19"]
[Round "1"]
[White "Parth11"]
[Black "Bhaveshvyas_01"]
[Result "1-0"]
[WhiteElo "1415"]
[BlackElo "1409"]
[Annotator "NA"]
[PlyCount "101"]
[EventDate "2020.09.19"]
[EventType "swiss (blitz)"]

1. e4 e5 2. Nf3 Nc6 3. Bc4 f6 4. O-O Bd6 5. d4 Nge7 6. dxe5 Bxe5 7. Nxe5 Nxe5 8. Bb3 d6 9. f4 N5c6 10. Nc3 h5 11. Be3 Bg4 12. Qd3 Nb4 13. Qb5+ Nbc6 14. Qxb7 Rb8 15. Qa6 Qc8 16. Qxc8+ Rxc8 17. Ba4 O-O 18. f5 Rcd8 19. Nd5 Nxd5 20. exd5 Ne5 21. Bb3 Kh8 22. h3 Bxf5 23. Rxf5 g6 24. Rff1 Kg7 25. Bd4 Nd7 26. Ba4 Nb6 27. Bxb6 axb6 28. Bc6 f5 29. Rad1 Rde8 30. Rde1 Rd8 31. Re7+ Kf6 32. Rfe1 Rf7 33. R1e6+ Kg7 34. Rxf7+ Kxf7 35. Kf2 Ra8 36. Bxa8 b5 37. Bc6 b4 38. a3 bxa3 39. bxa3 g5 40. a4 g4 41. a5 h4 42. hxg4 fxg4 43. a6 g3+ 44. Kg1 h3 45. gxh3 g2 46. a7 Kg7 47. a8=Q Kf7 48. Qe8+ Kg7 49. Rg6+ Kh7 50. Qf7+ Kh8 51. Rg8# 1-0

[Event "Play for Durgesh Fundraiser Blitz"]
[Site "Vishy Anand Arena"]
[Date "2020.09.19"]
[Round "1"]
[White "Chnivas"]
[Black "Saharshkuna"]
[Result "1/2-1/2"]
[WhiteElo "1412"]
[BlackElo "1620"]
[Annotator "NA"]
[PlyCount "87"]
[EventDate "2020.09.19"]
[EventType "swiss (blitz)"]

1. e4 e5 2. Nf3 Nc6 3. Bb5 d6 4. c3 g6 5. O-O Bg7 6. Re1 Nf6 7. h3 O-O 8. d4 exd4 9. cxd4 Bd7 10. Nc3 Qe7 11. Bg5 Rae8 12. Bxc6 Bxc6 13. e5 dxe5 14. dxe5 Bxf3 15. Qxf3 Qc5 16. exf6 Bh8 17. Be3 Qe5 18. Qxb7 Qxf6 19. Nd5 Qd6 20. Nxc7 Re7 21. Rec1 Bxb2 22. Bc5 Bxc1 23. Bxd6 Re6 24. Rxc1 Rxd6 25. Nb5 Rd5 26. a4 Rfd8 27. Rc8 Rxc8 28. Qxc8+ Kg7 29. Qc3+ Kf8 30. Nxa7 Rd1+ 31. Kh2 Rd7 32. Qc5+ Kg7 33. a5 Rb7 34. a6 Rb8 35. Qc7 Ra8 36. Qb7 Re8 37. Nc6 Re6 38. a7 Re8 39. a8=Q Rxa8 40. Qxa8 Kf6 41. Qb7 Kg7 42. Nd8 Kh6 43. Qxf7 g5 44. g4 1/2-1/2